000 00583nam a2200169Ia 4500
003 GCL
008 140319s9999 xx 000 0 ara d
040 _aGCL /
_cGCL
082 0 4 _a953.09
_bم د
100 1 _aمحمد انيس
245 1 0 _aالدول العثمانية والشرق العربى: 1514 - 1914 /
_cمحمد انيس
300 _a299 ص
490 _aالهيئة العامة للاستعلامات
_v0
650 0 4 _aالامبراطورية العثمانية
650 0 4 _aالعالم العربى - تاريخ - العصر العثمانى
942 _2ddc
_cBK
999 _c49599
_d49599